000 00529nam a22001817a 4500
005 20251108172459.0
008 250721s1997 xx 000 0 ara d
082 1 4 _a928.1/عيد
100 1 _aعيد، حسين
245 1 0 _aنجيب محفوظ : سيرة ذاتية و أدبية /
264 1 _aالقاهرة :
_bالدار المصرية اللبنانية،
_c1997.
300 _a309ص.
650 1 7 _aالتراجم
650 1 7 _aالأدباء العرب
650 1 7 _aمصر
942 _2ddc
_cBK
999 _c80420
_d80420